Entry Nombre personal
001 - NÚMERO DE CONTROL
- campo de control: 18159
003 - IDENTIFICADOR DE NÚMERO DE CONTROL
- campo de control: SpMaBN
005 - FECHA Y HORA DE LA ÚLTIMA TRANSACCIÓN
- campo de control: 20230618180921.0
008 - ELEMENTOS DE DATO DE LONGITUD-FIJA
- campo de control de longitud fija: 000401n| aijnnaabn n aaa
016 ## - NÚMERO DE CONTROL DE UNA AGENCIA BIBLIOGRÁFICA NACIONAL
- Número de control del registro: BNE20002345150
024 7# - IDENTIFICADOR DE OTROS ESTÁNDARES
- Número estándar o código: https://isni.org/isni/000000006109753X
- Fuente: isni
024 7# - IDENTIFICADOR DE OTROS ESTÁNDARES
- Número estándar o código: http://viaf.org/viaf/87201727/
- Fuente: viaf
040 ## - FUENTE DE CATALOGACIÓN
- Centro catalogador/agencia de origen: SpMaBN
- Lengua de catalogación: spa
- Centro/agencia transcriptor: SpMaBN
- Normas de descripción: rdc
- Convención/Normas de encabezamiento de materia/tesauro: embne
- Centro/agencia modificador: ES-MaACL
046 ## - FECHAS CON CODIFICACIÓN ESPECIAL
- Fecha de nacimiento: 1939-11-08
- Fecha de la muerte: 2007-04-06
100 1# - ENCABEZAMIENTO-NOMBRE DE PERSONA
- Nombre de persona: Abril, Adolfo,
- Fechas asociadas al nombre: 1939-2007
370 ## - LUGAR ASOCIADO
- Lugar de nacimiento: España, Madrid (Comunidad Autónoma), Madrid
- Fuente del término: embne
370 ## - LUGAR ASOCIADO
- Lugar de fallecimiento: España, Madrid (Comunidad Autónoma), Madrid
- Fuente del término: embne
372 ## - CAMPO DE ACTIVIDAD
- Campo de actividad: Ginecología
- Fuente del término: embne
374 ## - OCUPACIÓN
- Ocupación: Ginecólogos
- Fuente del término: embne
375 ## - GÉNERO/SEXO
- Género: Masculino
377 ## - IDIOMA ASOCIADO
- Término de lengua/lenguaje: Español
670 ## - FUENTE DE DATOS ENCONTRADOS
- Cita de la fuente: Las españolas en secreto, 1975;
- Información encontrada: port. (Dr. Adolfo Abril) p. 1 de la cub. (Dr. A. Abril) p. [238] (n. 8-11-1939, Madrid; ginecólogo)
670 ## - FUENTE DE DATOS ENCONTRADOS
- Cita de la fuente: WWW La Razón, 9-4-2007;
- Información encontrada: (Adolfo Abril; n. 1939, Madrid; m. 6-4-2007; Madrid; médico ginecólogo)
670 ## - FUENTE DE DATOS ENCONTRADOS
- Información encontrada: (Abril, Adolfo, 1939-2007)
955 ## - CATALOGADOR - EDICIÓN
- Nombre del catalogador: Julia Mas Vieira
